| 000 | 00947nam a2200169 i 4500 | ||
|---|---|---|---|
| 001 | 161109 | ||
| 003 | ES-MaACL | ||
| 005 | 20230906212208.0 | ||
| 008 | 010830s1857 sp |||| | spa d | ||
| 040 |
_aAR _bspa _cAR |
||
| 100 | 0 |
_aOrtíz de Pinedo, Manuel. _987604 |
|
| 245 | 1 | 4 |
_aLos pobres de Madrid _b: drama en seis cuadros y un prólogo / _carreglado a la escena española por Manuel Ortiz de Pinedo. |
| 260 |
_aMadrid : _b[Galería Lírico-Dramática], _c1857 ( _fImp. de José Rodríguez) |
||
| 300 |
_a68 p ; _c19 cm. |
||
| 596 | _aNombre del ed. tomado de la cub. | ||
| 852 |
_aES-MaACL _jD-703(7) _z-- Enc. hol. conservando la cub. original _z-- Legado M. de la Fuente _z-- Enc. en un vol. facticio _x-- Edic.: En la cub. original consta la serie: (El teatro : coleccion de obras dramaticas y liricas) - En verso de la port. consta: "... Los corresponsales de los Sres. Gullon y Regoyos, editores de la galeria lírico-dramática ..." |
||
| 999 |
_c161109 _d161109 |
||